| 000 | 00645nam a22001577a 4500 | ||
|---|---|---|---|
| 003 | OSt | ||
| 005 | 20190304151556.0 | ||
| 008 | 190304b xxu||||| |||| 00| 0 eng d | ||
| 040 | _cRUA | ||
| 082 | _aAGR CHH 2010 B1.222 Or.1 | ||
| 100 |
_913479 _aCHHIM CHHA VANN,ឈឹម ឆវណ្ណ |
||
| 245 | _acomparison of rate of senpidor variety in thmorkol district, battambang province,បៀបធៀបកម្រិតពូជស្រូវសែនពិដោរនៅស្រុកថ្មគោលខេត្តបាតើដំបង | ||
| 260 |
_a phnom penh _brua _c2010 |
||
| 300 |
_axiii,56p; _bill; _c29cm; |
||
| 942 |
_2ddc _cAGR |
||
| 999 |
_c17817 _d17817 |
||